Vista normal Vista MARC

Entrada Materia (personas)

Número de registros utilizados en: 1

001 - CONTROL NUMBER

  • control field: 91904

003 - CONTROL NUMBER IDENTIFIER

  • control field: Co-BoUCM

005 - DATE AND TIME OF LATEST TRANSACTION

  • control field: 20180405150804.0

008 - FIXED-LENGTH DATA ELEMENTS

  • fixed length control field: 180405|| aca||aabn | a|a d

040 ## - CATALOGING SOURCE

  • Original cataloging agency: Co-BoUCM
  • Transcribing agency: Co-BoUCM

100 ## - HEADING--PERSONAL NAME

  • Personal name: Barlow, David H.
  • Relator term: editor

670 ## - SOURCE DATA FOUND

  • Source citation: Work cat.: (Co-BoUCM)309309: Applications of the unified protocol for transdiagnostic treatment of emotional disorders, [2018]